| 000 | 00454nam a22002057a 4500 | ||
|---|---|---|---|
| 003 | UA-OsUOA | ||
| 001 | 35891 | ||
| 007 | ta | ||
| 008 | 20060629b un ||||| |||| 00| 0 ukr d | ||
| 090 | _a94(477).14 | ||
| 942 | _cBR | ||
| 040 |
_aUA-OsUOA _beng _cUA-OsUOA _dUA-OsUOA |
||
| 245 | _aTen Years of Independence of Ukraine | ||
| 955 | _a1 | ||
| 041 | _aeng | ||
| 080 | _a94(477).14 | ||
| 260 |
_aІллінойс _c2001 |
||
| 650 | 7 | _2UDC | |
| 999 |
_c424155 _d424155 |
||